Statistics for Countries from a 20-Letter Grid #3

Click here to take the quiz!

General Stats

  • This quiz has been taken 123 times
  • The average score is 4 of 8

Answer Stats

HintCountry% Correct
LETTERS IN THE GRID ALONELAOS
76%
LETTERS IN THE GRID + NOMAN
73%
LETTERS IN THE GRID + EPERU
66%
LETTERS IN THE GRID + BCUBA
53%
LETTERS IN THE GRID + ETURKEY
53%
LETTERS IN THE GRID + NNORWAY
45%
LETTERS IN THE GRID + BBURMA
34%
LETTERS IN THE GRID ALONECYPRUS
20%

Score Distribution

Percentile by Number Answered

Percent of People with Each Score

Your Score History

You have not taken this quiz